000 00507nam a2200145 4500
001 143485
003 ES-MaACL
005 20230906200829.0
007 t|
008 070214s1915 sp r ||||1| spa d
100 1 _aSeñan y Alonso, Eloy.
_9105485
245 1 0 _aEnsayo biográfico-crítico de Don Aureliano Fernández-Guerra y Orbe
_b: discurso inagural del curso de 1915 a 1916 en la Universidad de Granada /
_cEloy Señan y Alonso.
260 _aGranada :
_b[s.n.],
_c1915.
852 _aES-MaACL
_j1536-F-5
999 _c143485
_d143485